000 00501nam a2200193 a 4500
001 1771589608985
003 YourLibrary
005 20260220174642.0
008 260220s2007##################000#0#eng##
020 _a9789052010663
082 0 4 _a320.609
_bKEA
100 1 _aKeating, Michael,
_eauthor.
245 1 0 _aScottish Social Democracy :
260 _bPeter Lang,
_c2007.
300 _a294 pages
650 0 _aPolitical Science.
942 _cENGLISH
040 _aYourLibrary
_beng
_cYourLibrary
999 _c614762
_d614762